000 00808nam a2200217 a 4500
005 2009082503413.0
008 850322s1983 ii b 001 0 eng
010 _aENG-94855
020 _c95.00
_a9788178794464
035 _aEN-78388
037 _bDBAD / PUB
040 _adpl
_bEnglish
082 _a796.422
100 _aNagi, Kunal
245 _aTeach yourself sprinting /
_cby Kunal Nagi
260 _aNew Delhi
_bSports Publication
_c2007
270 _aG-6, 23/23-B, EMCA House, Ansari Road, Daryaganj,
_bNew Delhi
_e110002
300 _a68p.:
_c22cm(Hb)
_bill.
942 _2ddc
_cEN
_mNAG
_h796.422
999 _c29579
_d29579